1854 1880 1476 1048 1058 1490 1249 1512 1250 1004 1432 1310 1256 1063 1033 1062 1515 1816 1613 1738 1937 1945 1079 1247 1957 1280 1427 1715 1752 1773 1405 1673 1777 1912 1354 1061 1877 1476 1463 1285 1974 1810 1156 1084 1303 1694 1692 1628 1856 1859 1188 1499 1927 1020 1698 1809 1872 1073 1142 1936 1014 1153 1996 1175 1320 1060 1954 1573 1535 1269 1900 1906 1697 1800 1135 1285 1365 1856 1219 1212 1064 1047 1833 1899 1214 1601 1246 1885 1485 1782 1420 1769 1505 1145 1655 1263 1630 1738 1932 BCNSPRNW ULIB Ver.6.0+V

เปลี่ยนเป็นภาษาไทย

Change to English
 แสดงรายละเอียดบรรณานุกรม
  กลับหน้าหลัก

Brief Record : Get Marc (ISO 2709) : E-mail record : QR code < ปิดหน้าต่าง
LEADER : 00000nam 2200000uu 4500
001    13399120050
003     ULIB
008    020711s2552 th a 000 0 tha d
020    9786117057137
090    นว.^bฟ367ส
100    ฟ้าใส ไอรดา
245    สุดผืนทราย..ปลายทางแห่งรัก /^cฟ้าใส ไอรดา
260     กรุงเทพฯ^bSimply Book - Love Novels.,^c2552
300    182 หน้า
945    ^p150^l0^i15825
999    ^aทศพร เกษรทอง
รายการนี้ยังไม่มีแท็ก
คุณยังไม่ได้ล็อกอิน คุณสามารถมีกิจกรรมร่วมกับเว็บไซต์ได้ แต่ต้องล็อกอินก่อน ::
  ล็อกอิน

รายการสื่อสารสนเทศ

ลำดับที่ ประเภท เลขเรียก/บาร์โค้ด สถานที่ สถานะ
1. นวนิยาย
นวนิยาย
นว. ฟ367ส ฉ.1 
  Barcode: 15825
ห้องสมุดวิทยาเขตสวรรค์ประชารักษ์
►นวนิยาย
บนชั้น
  ขอยืม

รายการใกล้เคียง
    ผู้แต่ง [ฟ้าใส ไอรดา]

BibComment


ยังไม่เคยถูกคอมเมนท์

คอมเมนท์ทรัพยากรรายการนี้
  คอมเมนท์: สุดผืนทรายปลายทาง..


 Copyright 2026. Bcnsprnw @Library